000 00465nam a2200181Ia 4500
005 20250423095150.0
008 250422s9999 xx 000 0 und d
020 _a0-13-199585-5
100 _aFloyd Thomas L
245 0 _aElectronics Fundamentals: Circuits, Devices and Applicatins
250 _a7th ed.
260 _aNew Jersey
260 _bPrentice Hall International. Inc
260 _c2007
300 _a1040 p
650 _aElectronics
942 _cBK
999 _c29445
_d29445